Preparación de tierras agrícolas

Saved in:
Bibliographic Details
Format: Book
Language:Spanish
Published: Ciudad de México Trillas 1990
Ciudad de México SEP 1990
Edition:2a. ed
Series:Manuales para Educación Agropecuaria. Area: Mecánica Agrícola, 38
Subjects:
Tags: Add Tag
No Tags, Be the first to tag this record!

MARC

LEADER 00000nam a2200000 a 4500
001 UCK3139
003 CL-VaPUC
008 050415e19900000mx |||||||||||||||||spa|d
020 |a 9682436877 
082 0 4 |a 631.3  |b PRE  |2 21 
245 1 0 |a Preparación de tierras agrícolas 
250 |a 2a. ed 
300 |a 53 p 
942 |c BK 
945 |d 20050415 00:00:00  |a cmena 
260 |a Ciudad de México  |b Trillas  |c 1990 
260 |a Ciudad de México  |b SEP  |c 1990 
650 0 |a Cultivos agrícolas  |9 411267 
650 7 |a MAQUINARIA AGRICOLA  |2 CL-VaPUC  |9 264357 
650 0 |a Agricultura  |9 255598 
583 |a last modification  |c 20171219 01:57:26  |k Rodrigo Vera 
490 0 |a Manuales para Educación Agropecuaria. Area: Mecánica Agrícola, 38 
999 |c 312406  |d 312404 
952 |0 0  |1 0  |4 0  |6 631_300000000000000_PRE_1990_1990  |7 0  |8 A  |9 382747  |a BIBAGR  |b BIBAGR  |d 2019-11-21  |i 4112369  |o 631.3 PRE 1990 1990  |p 4112369  |r 2025-01-20  |w 2019-11-21  |y BK  |k AGR